| 000 | 00625nab a2200205 a 4500 | ||
|---|---|---|---|
| 005 | 20210219161406.0 | ||
| 008 | 991125s1985 mx 000 0 spa u | ||
| 035 | _aUPN01000184334 | ||
| 100 | 1 | _aRea Angeles, Patricia | |
| 222 | _aPERFILES EDUCATIVOS | ||
| 245 | _aLa educación superior como agente de transformación de las identidades genéricas entre los zapotecos en la Ciudad de México | ||
| 260 | _aMéxico | ||
| 300 | _a226-238 | ||
| 362 | 0 | _a2011 3a época, vol. 33, no. especial | |
| 653 | 0 | _aZAPOTECOS | |
| 653 | 0 | _aEDUCACION SUPERIOR | |
| 653 | 0 | _aMIGRACION | |
| 653 | 0 | _aGENERO | |
| 905 | _aArticulo | ||
| 999 |
_c156437 _d156437 |
||